La explotación de las riquezas por el Estado y por el municipio (Record no. 139498)
[ view plain ]
| 000 -LEADER | |
|---|---|
| campo de control de longitud fija | 01079nam a2200217 4500 |
| 001 - NÚMERO DE CONTROL | |
| campo de control | 139498 |
| 003 - IDENTIFICADOR DE NÚMERO DE CONTROL | |
| campo de control | ES-MaACL |
| 005 - FECHA Y HORA DE LA ÚLTIMA TRANSACCIÓN | |
| campo de control | 20250815062640.0 |
| 007 - CAMPO FIJO DE DESCRIPCIÓN FÍSICA--INFORMACIÓN GENERAL | |
| campo de control de longitud fija | t| |
| 008 - DATOS DE LONGITUD FIJA--INFORMACIÓN GENERAL | |
| campo de control de longitud fija | 070214q1910 sp r ||||1| spa d |
| 100 1# - ENTRADA PRINCIPAL--NOMBRE DE PERSONA | |
| Nombre de persona | Scheel, E. |
| 9 (RLIN) | 104257 |
| 245 13 - MENCIÓN DEL TÍTULO | |
| Título | La explotación de las riquezas por el Estado y por el municipio |
| Resto del título | : estudio sobre las explotaciones, por los estados modernos, de tierras, minas, manufacturas, empresas comerciales, correos, telégrafos, teléfonos y ferrocarriles / |
| Mención de responsabilidad, etc. | por E. Scheel . Sobre abastecimiento de aguas, fábricas de gas, de electricidad, tranvías y mataderos / por Paul Mombert ; traducción completa del alemán por Vicente Gay. |
| 260 ## - PUBLICACIÓN, DISTRIBUCIÓN, ETC. | |
| Lugar de publicación, distribución, etc. | Madrid : |
| Nombre del editor, distribuidor, etc. | La España Moderna, |
| Fecha de publicación, distribución, etc. | [1910?] ( |
| Fabricante | Imp. de V. Tordesillas) |
| 300 ## - DESCRIPCIÓN FÍSICA | |
| Extensión | 220 p. ; |
| Dimensiones | 23 cm. |
| 490 1# - MENCIÓN DE SERIE | |
| Mención de serie | Biblioteca de jurisprudencia, filosofía e historia ; |
| Designación de volumen o secuencia | 508 |
| 700 1# - ENTRADA AGREGADA--NOMBRE PERSONAL | |
| Nombre de persona | Mombert, Paul. |
| 9 (RLIN) | 82074 |
| 700 1# - ENTRADA AGREGADA--NOMBRE PERSONAL | |
| Nombre de persona | Gay, Vicente, |
| Fechas asociadas al nombre | 1876-1949 |
| 9 (RLIN) | 56113 |
| 830 00 - PUNTO DE ACCESO ADICIONAL DE SERIE-TÍTULO UNIFORME | |
| Título uniforme | Biblioteca de jurisprudencia, filosofía e historia |
| Designación de volumen o secuencia | 508 |
| 9 (RLIN) | 180691 |
| 852 ## - LOCALIZACIÓN | |
| Ubicación | ES-MaACL |
| Número de control de estantería | F-14937 |
| Estatus retirado | Estado de pérdida | Estado de daño | No para préstamo | Biblioteca de origen | Biblioteca actual | Ubicación en estantería | Fecha de adquisición | Fuente de adquisición | Total de préstamos | Signatura topográfica completa | Código de barras | Visto por última vez | Precio de reemplazo | Tipo de ítem Koha |
|---|---|---|---|---|---|---|---|---|---|---|---|---|---|---|
| Biblioteca del Ateneo de Madrid | Biblioteca del Ateneo de Madrid | Sala Pecera Planta 2 | 17/01/2008 | F-14937 | 1145171 | 23/02/2023 | 23/02/2023 | Libro impreso |
